000 00592nam a2200205Ia 4500
008 241004s9999 xx 000 0 und d
020 _a97893543492
037 _aTextbook
040 _aARTS
_beng
_cARTS
041 _aeng
_2eng
084 _aV2 R1
_qARTS
100 _aDeepak J. Sai Au.
_9724740
245 _aIndia that is Bharat: coloniality, civilisation, constitution
_cDeepak J. Sai Au.
260 _aIndia
_bNew Delhi Bloomsbury
_c2022
300 _axxiv,460p.
365 _aINR
_b799
650 _aHistory-India
942 _cTB
_hV2 R1
999 _c1218895
_d1218895